SOLID MECHANICS (Record no. 14652)

MARC details
000 -LEADER
fixed length control field 00356nam a22001577a 4500
003 - CONTROL NUMBER IDENTIFIER
control field SGT
020 ## - INTERNATIONAL STANDARD BOOK NUMBER
International Standard Book Number 978-0-07-451715-4
082 ## - DEWEY DECIMAL CLASSIFICATION NUMBER
Classification number 531.16
Item number KAZ
100 ## - MAIN ENTRY--PERSONAL NAME
Personal name KAZIMI,S.M.A.
245 ## - TITLE STATEMENT
Title SOLID MECHANICS
250 ## - EDITION STATEMENT
Edition statement 1ST REVISED
260 ## - PUBLICATION, DISTRIBUTION, ETC. (IMPRINT)
Place of publication, distribution, etc NEW DELHI
Name of publisher, distributor, etc MC-GRAW HILL EDUCATION
Year of Publication 2014
300 ## - PAGE DESCRIPTION
No. of Pages 448
650 ## - SUBJECT ADDED ENTRY--TOPICAL TERM
Topical term or geographic name as entry element CIVIL ENGINIRING
942 ## - ADDED ENTRY ELEMENTS (KOHA)
Source of classification or shelving scheme Dewey Decimal Classification
Koha item type Books
Holdings
Withdrawn status Lost status Source of classification or shelving scheme Damaged status Not for loan Collection code Home library Current library Shelving location Date acquired Vendor Name Cost, normal purchase price SGTU Bill Number Total Checkouts Full call number Accession No. (Barcode) Date last seen Date last borrowed Bill Date Koha item type
    Dewey Decimal Classification     ENGINEERING SGT Engineering Library SGT Engineering Library Text Book 20/01/2018 KIRTI PRAKASHAN (NEW DELHI ) 805.00 SGTU IN1297 8 531.16 KAZ FE7030 26/11/2018 14/11/2018   Books
    Dewey Decimal Classification     ENGINEERING SGT Engineering Library SGT Engineering Library Text Book 20/01/2018 KIRTI PRAKASHAN (NEW DELHI ) 805.00 SGTU IN1297   531.16 KAZ FE7031 20/01/2018     Books